Ďalšie vzdelávanie učiteľov základných škôl a stredných škôl v predmete informatika úvod do databáz : línia: vlastný odborový kontext informatiky a informatickej výchovy : Európsky sociálny fond : moderné vzdelávanie pre vedomostnú spoločnosť/projekt je spolufinancovaný zo zdrojov ES

Bibliographic Details
Main Authors: Kubincová, Zuzana, 1964- (Author), Cápay, Martin (Author), Hrušecká, Andrea, 1976- (Author), Salanci, Ľubomír, 1974- (Author)
Format: Book
Language:Slovak
PhysicalDescription:40 s. ilustr., sch., tab. 30 cm
Published: Bratislava Štátny pedagogický ústav 2010
ISBN:9788081180934
Edition:1. vyd.
Subjects:

MARC

LEADER 00000cam a2200000 a 4500
001 vtls010278163
003 SK-MaSNL
005 20260302011741.0
008 180809s2010 xo a f f 000 0 slo
015 |a SNBA2011/07-04101 
020 |a 9788081180934  |q (brož.) 
035 |a C56F00AF-5006-44AA-A94B-D0A7FF0D7B5B 
035 |a urn:nbn:sk:snk-amjxet 
035 |a urn:nbn:sk:snk-am007xum 
040 |a SNK  |b slo  |c SNK  |e AACR2 
041 0 |a slo  |b slo 
044 |a xo  |c SK 
072 7 |a 004.4/.6  |x Programovanie. Softvér  |2 konspekt 
072 7 |a 377  |x Odborné vzdelávanie  |2 konspekt 
080 |a 007+004  |2 2001 
080 |a 37.03:[007+004]  |2 2001 
080 |a 004.652  |2 2001 
080 |a 377.8  |2 2001 
080 |a 373.3  |2 2001 
080 |a 373.5/.6+377.1/.3  |2 2001 
080 |a 005.591  |2 2001 
080 |a (072)  |2 2001 
245 0 0 |a Ďalšie vzdelávanie učiteľov základných škôl a stredných škôl v predmete informatika  |b úvod do databáz : línia: vlastný odborový kontext informatiky a informatickej výchovy : Európsky sociálny fond : moderné vzdelávanie pre vedomostnú spoločnosť/projekt je spolufinancovaný zo zdrojov ES  |c [autori: Zuzana Kubincová ... [et al.]] 
246 3 0 |a Úvod do databáz 
250 |a 1. vyd. 
260 |a Bratislava  |b Štátny pedagogický ústav  |c 2010 
300 |a 40 s.  |b ilustr., sch., tab.  |c 30 cm 
500 |a Vydané v súčinnosti s Univerzitou Pavla Jozefa Šafárika v Košiciach, Univerzitou Komenského v Bratislave, Univerzitou Konštantína Filozofa v Nitre, Univerzitou Mateja Bela v Banskej Bystrici a Žilinskou univerzitou v Žiline 
500 |a Názov z obalu 
504 |a Bibliogr. s. 39 
546 |a Res. slov. 
650 0 7 |a informatika  |2 SNKPH  |9 1124 
650 0 7 |a informačná výchova  |2 SNKPH  |9 66959 
650 0 7 |a databázy  |2 SNKPH  |9 885 
650 0 7 |a vzdelávanie učiteľov  |2 SNKPH  |9 4031 
650 0 7 |a základné školy  |2 SNKPH  |9 1280 
650 0 7 |a stredné školy  |2 SNKPH  |9 1279 
650 0 7 |a programy a projekty  |2 SNKPH  |9 82765 
650 0 7 |a Informatics  |2 SNKPHeng  |9 267334 
650 0 7 |a Information education  |2 SNKPHeng  |9 324017 
650 0 7 |a Databases  |2 SNKPHeng  |9 324092 
650 0 7 |a Teacher education  |2 SNKPHeng  |9 277890 
650 0 7 |a Elementary schools  |2 SNKPHeng  |9 265049 
650 0 7 |a Programs and projects  |2 SNKPHeng  |9 274896 
650 0 7 |a Secondary schools  |2 SNKPHeng  |9 267200 
655 7 |a metodické príručky  |2 SNKPH  |9 70250 
655 7 |a Methodological manuals  |2 SNKPHeng  |9 270866 
700 1 |a Kubincová, Zuzana,  |d 1964-  |4 aut  |9 217929 
700 1 |a Cápay, Martin  |4 aut  |9 326898 
700 1 |a Hrušecká, Andrea,  |d 1976-  |4 aut  |9 224716 
700 1 |a Salanci, Ľubomír,  |d 1974-  |4 aut  |9 221967 
852 |a Štátna vedecká knižnica v Banskej Bystrici 
919 |a 978-80-8118-093-4 
958 |a OND 
958 |a NB 
968 |d 0 
999 |c 1007283  |d 1009213 
952 |a SNK  |b SNK  |y PREZ  |7 0  |p 17A0702561  |o snkSB 81483  |i snk2011/11339  |8 0  |0 0  |1 0  |4 0  |d 2011-05-17  |f 1  |l 0  |r 2025-05-05 00:00:00  |w 2026-02-24 
952 |a SNK  |b SNK  |y VYP  |7 0  |p 17A0696139  |o snkSB 81483 D1  |i snk2011/11340  |8 0  |0 0  |1 0  |4 0  |d 2011-05-17  |l 0  |r 2016-06-30 00:00:00  |w 2026-02-24